[Event "SRB-ch Central int"]
[Site "Dimitrovgrad"]
[Date "2023.08.27"]
[Round "9"]
[White "Pap, Misa"]
[Black "Stevanovic, Jovan"]
[Result "1-0"]
[WhiteElo "2400"]
[BlackElo "1902"]
[PlyCount "55"]
[EventDate "2023.08.20"]
[EventType "swiss"]
[EventRounds "9"]
[EventCountry "BUL"]
[SourceTitle "CBM 215 Extra"]
[Source "ChessBase"]
[SourceDate "2023.09.30"]
[SourceVersion "1"]
[SourceVersionDate "2023.09.30"]
[SourceQuality "1"]

1. e4 c5 2. Nf3 d6 3. d4 cxd4 4. Nxd4 Nf6 5. Nc3 Nc6 6. Bc4 e6 7. Bb3 Be7 8. 0-0 0-0 9. Kh1 a6 10. f4 d5 11. e5 Nd7 12. Nce2 Qc7 13. c3 Nc5 14. Be3 Nxb3 15. axb3 Bd7 16. Qd2 f6 17. exf6 Bxf6 18. Nxc6 bxc6 19. Bc5 Rfe8 20. Ng3 e5 21. Nh5 Bg4 22. Nxf6+ gxf6 23. fxe5 fxe5 24. Qh6 Rac8 25. Ra4 Be2 26. Rf2 Bd3 27. Rg4+ Bg6 28. Rf6 1-0

[Event "SRB-ch U14"]
[Site "Subotica"]
[Date "2021.05.04"]
[Round "2"]
[White "Leskovac, Nikola"]
[Black "Stevanovic, Jovan"]
[Result "1/2-1/2"]
[WhiteElo "1730"]
[BlackElo "1931"]
[PlyCount "92"]
[EventDate "2021.05.03"]
[EventType "swiss"]
[EventRounds "9"]
[EventCountry "SRB"]
[SourceTitle "EXT 2022"]
[Source "ChessBase"]
[SourceDate "2021.10.06"]
[SourceVersion "1"]
[SourceVersionDate "2021.10.06"]
[SourceQuality "1"]

1. d4 Nf6 2. Bf4 c5 3. e3 e6 4. c3 Be7 5. Nf3 0-0 6. Bd3 b6 7. 0-0 Bb7 8. Nbd2 d6 9. Re1 Nbd7 10. h3 cxd4 11. exd4 a6 12. Qe2 Qc8 13. a4 Bc6 14. Rec1 Qb7 15. b4 Rfc8 16. c4 Bf8 17. Ne1 Qb8 18. Ne4 Nxe4 19. Bxe4 Bxe4 20. Qxe4 Qa7 21. Qd3 a5 22. bxa5 Qxa5 23. Bd2 Qh5 24. Be3 d5 25. Qb3 dxc4 26. Rxc4 Rxc4 27. Qxc4 Nf6 28. Rc1 Qd5 29. Nd3 Qa5 30. Ra1 Nd5 31. Qc2 b5 32. Bd2 Qb6 33. Nc5 bxa4 34. Rxa4 Rc8 35. Rc4 Qb5 36. Be3 g6 37. Qc1 Nxe3 38. fxe3 Bh6 39. Rc3 Qe2 40. Kh1 Ra8 41. Qg1 Ra2 42. Rd3 Bg5 43. Rb3 Rd2 44. Ne4 Rd1 45. Nxg5 Rxg1+ 46. Kxg1 Qd1+ 1/2-1/2

[Event "EU-ch Online U14"]
[Site "Tornelo INT"]
[Date "2020.09.19"]
[Round "4"]
[White "Stevanovic, Jovan"]
[Black "Eilenberg, Jonas"]
[Result "0-1"]
[WhiteElo "1778"]
[BlackElo "2113"]
[PlyCount "122"]
[EventDate "2020.09.18"]
[EventType "swiss (rapid)"]
[EventRounds "9"]
[EventCountry "ENG"]
[SourceTitle "EXT 2023"]
[Source "ChessBase"]
[SourceDate "2022.10.05"]
[SourceVersion "1"]
[SourceVersionDate "2022.10.05"]
[SourceQuality "1"]
[WhiteTeam "Serbia"]
[BlackTeam "Germany"]
[WhiteTeamCountry "SRB"]
[BlackTeamCountry "GER"]

1. Nf3 d5 2. c4 d4 3. e3 Nc6 4. g3 Bg4 5. Bg2 dxe3 6. fxe3 e5 7. Qa4 Bd7 8. 0-0 Nf6 9. Qb3 Be7 10. d4 exd4 11. exd4 0-0 12. Bf4 Bg4 13. d5 Bc5+ 14. Kh1 Bxf3 15. Bxf3 Nd4 16. Qd3 Nxf3 17. Qxf3 Qd7 18. Nc3 Rfe8 19. Rad1 a6 20. Bg5 Ng4 21. Ne4 Rxe4 22. Qxe4 Nf2+ 23. Rxf2 Bxf2 24. Kg2 Re8 25. Qf3 Bc5 26. Rf1 f6 27. Bf4 Bb6 28. Qd3 Qg4 29. Rf3 Re1 30. Be3 Qxf3+ 31. Kxf3 Rxe3+ 32. Qxe3 Bxe3 33. Kxe3 Kf7 34. Ke4 Ke7 35. c5 a5 36. Kd4 Kd7 37. g4 g6 38. h4 b6 39. b3 bxc5+ 40. Kxc5 f5 41. gxf5 gxf5 42. a3 Ke7 43. b4 axb4 44. axb4 Kd7 45. b5 Ke7 46. Kc6 Kd8 47. Kc5 Kd7 48. d6 cxd6+ 49. Kd5 Kc7 50. h5 h6 51. Kd4 Kb6 52. Kc4 Ka5 53. Kd4 Kxb5 54. Ke3 d5 55. Ke2 Kc5 56. Ke3 Kd6 57. Kd4 f4 58. Kd3 Ke5 59. Ke2 Ke4 60. Kd2 f3 61. Ke1 Ke3 0-1

[Event "EU-ch Online U14"]
[Site "Tornelo INT"]
[Date "2020.09.19"]
[Round "6"]
[White "Stevanovic, Jovan"]
[Black "Safin, Robert"]
[Result "0-1"]
[WhiteElo "1778"]
[BlackElo "2198"]
[PlyCount "64"]
[EventDate "2020.09.18"]
[EventType "swiss (rapid)"]
[EventRounds "9"]
[EventCountry "ENG"]
[SourceTitle "EXT 2023"]
[Source "ChessBase"]
[SourceDate "2022.10.05"]
[SourceVersion "1"]
[SourceVersionDate "2022.10.05"]
[SourceQuality "1"]
[WhiteTeam "Serbia"]
[BlackTeam "Russia"]
[WhiteTeamCountry "SRB"]
[BlackTeamCountry "RUS"]

1. Nf3 Nf6 2. c4 g6 3. g3 Bg7 4. Bg2 0-0 5. 0-0 d6 6. Nc3 Nc6 7. d3 e5 8. Rb1 a5 9. a3 Bf5 10. b4 axb4 11. axb4 Qc8 12. Bg5 e4 13. Ne1 exd3 14. exd3 Re8 15. Qd2 Nd4 16. Nf3 Nxf3+ 17. Bxf3 Ra3 18. Ra1 Rxc3 19. Qxc3 Ne4 20. Qc1 Nxg5 21. Qxg5 Bxa1 22. Rxa1 Bxd3 23. c5 dxc5 24. bxc5 c6 25. Kg2 Qe6 26. Ra7 Qe1 27. g4 Qf1+ 28. Kg3 Qg1+ 29. Bg2 Bf1 30. Qf4 Qxg2+ 31. Kh4 Qh3+ 32. Kg5 h6+ 0-1

[Event "EU-ch U12"]
[Site "Bratislava"]
[Date "2019.08.08"]
[Round "7"]
[White "Stevanovic, Jovan"]
[Black "Meers, Hubert"]
[Result "0-1"]
[WhiteElo "1851"]
[BlackElo "1999"]
[PlyCount "78"]
[EventDate "2019.08.02"]
[EventType "swiss"]
[EventRounds "9"]
[EventCountry "SVK"]
[SourceTitle "EXT 2020"]
[Source "ChessBase"]
[SourceDate "2019.10.17"]
[SourceVersion "1"]
[SourceVersionDate "2019.10.17"]
[SourceQuality "1"]

1. c4 c5 2. g3 Nc6 3. Bg2 g6 4. Nf3 e5 5. d3 Bg7 6. 0-0 Nge7 7. Nc3 0-0 8. Rb1 d6 9. a3 a5 10. Ne1 Be6 11. Nc2 d5 12. b3 Qd7 13. e4 dxc4 14. bxc4 Nc8 15. Ne3 Rb8 16. Ned5 N8a7 17. Be3 Nd4 18. Bxd4 cxd4 19. Nb6 Qd6 20. Ncd5 Qxa3 21. Ra1 Qc5 22. Qd2 Nc6 23. Rfb1 Qd6 24. Rb5 f5 25. exf5 gxf5 26. f4 Kh8 27. fxe5 Bxe5 28. Re1 Rbe8 29. Nf4 Bxf4 30. Qxf4 Qxf4 31. gxf4 Rg8 32. Kh1 Bxc4 33. Rxe8 Bxb5 34. Rxg8+ Kxg8 35. Bd5+ Kg7 36. Nc4 Bxc4 37. Bxc4 a4 38. Ba2 Nb4 39. Bc4 a3 0-1

[Event "EU-ch U12"]
[Site "Bratislava"]
[Date "2019.08.05"]
[Round "4"]
[White "Cappan, Pjotr"]
[Black "Stevanovic, Jovan"]
[Result "0-1"]
[WhiteElo "1601"]
[BlackElo "1851"]
[PlyCount "78"]
[EventDate "2019.08.02"]
[EventType "swiss"]
[EventRounds "9"]
[EventCountry "SVK"]
[SourceTitle "EXT 2020"]
[Source "ChessBase"]
[SourceDate "2019.10.17"]
[SourceVersion "1"]
[SourceVersionDate "2019.10.17"]
[SourceQuality "1"]

1. e4 c5 2. Nc3 Nc6 3. Bb5 Nd4 4. Bc4 e6 5. Nge2 g6 6. d3 Bg7 7. 0-0 Ne7 8. Bf4 d6 9. Rb1 0-0 10. a3 Nec6 11. b4 b6 12. Nb5 Nxe2+ 13. Qxe2 Nd4 14. Qd2 Nxb5 15. Bxb5 Bb7 16. bxc5 dxc5 17. a4 Qe7 18. a5 a6 19. Bc4 b5 20. Ba2 Rfd8 21. Bg5 Bf6 22. Bf4 Bxe4 23. Qe3 Bd5 24. c4 Bc6 25. Qg3 Rd7 26. Rfe1 Rad8 27. Rbd1 b4 28. Bb3 Bd4 29. Bg5 f6 30. Bh6 e5 31. Qh4 Qf7 32. Qg3 Rd6 33. h4 Bc3 34. Rf1 Kh8 35. Qg4 Rd4 36. Qg3 Qe6 37. f4 f5 38. fxe5 Rg4 39. Qe1 Rxg2+ 0-1

[Event "EU-ch U12"]
[Site "Bratislava"]
[Date "2019.08.03"]
[Round "2"]
[White "Bat, Bilguun"]
[Black "Stevanovic, Jovan"]
[Result "1-0"]
[WhiteElo "2090"]
[BlackElo "1851"]
[PlyCount "109"]
[EventDate "2019.08.02"]
[EventType "swiss"]
[EventRounds "9"]
[EventCountry "SVK"]
[SourceTitle "EXT 2020"]
[Source "ChessBase"]
[SourceDate "2019.10.17"]
[SourceVersion "1"]
[SourceVersionDate "2019.10.17"]
[SourceQuality "1"]

1. d4 Nf6 2. Nf3 e6 3. e3 c5 4. Bd3 cxd4 5. exd4 b6 6. 0-0 Be7 7. b3 0-0 8. Bb2 Bb7 9. Nbd2 d6 10. c4 Nbd7 11. Rc1 a6 12. Qe2 Re8 13. a3 Bf8 14. Rfd1 Qb8 15. Bb1 Bc6 16. Ng5 h6 17. Nge4 Qb7 18. Qd3 d5 19. Nxf6+ Nxf6 20. Nf3 dxc4 21. bxc4 Be4 22. Qb3 Bxb1 23. Rxb1 Rac8 24. Ne5 Bd6 25. Nf3 Bb8 26. d5 Ne4 27. Bd4 exd5 28. cxd5 b5 29. a4 Qc7 30. axb5 axb5 31. g3 Nd6 32. Be5 Qc2 33. Qxc2 Rxc2 34. Bxd6 Bxd6 35. Nd4 Rc5 36. Rxb5 Kf8 37. Kg2 Rd8 38. Rxc5 Bxc5 39. Nc6 Rd7 40. g4 Bd6 41. Rb1 g6 42. Rb5 Kg7 43. h3 Kf6 44. h4 Kg7 45. Ra5 Kf6 46. Rb5 Kg7 47. Kf3 Kf6 48. Ke4 Kg7 49. f4 Rc7 50. f5 Kf6 51. fxg6 fxg6 52. Rb6 Kg7 53. Nd4 Bc5 54. Ne6+ Kf7 55. Rb5 1-0

[Event "EU-ch U12"]
[Site "Bratislava"]
[Date "2019.08.02"]
[Round "1"]
[White "Stevanovic, Jovan"]
[Black "Jurky, Marian"]
[Result "1-0"]
[WhiteElo "1851"]
[BlackElo "1401"]
[PlyCount "51"]
[EventDate "2019.08.02"]
[EventType "swiss"]
[EventRounds "9"]
[EventCountry "SVK"]
[SourceTitle "EXT 2020"]
[Source "ChessBase"]
[SourceDate "2019.10.17"]
[SourceVersion "1"]
[SourceVersionDate "2019.10.17"]
[SourceQuality "1"]

1. c4 c5 2. Nc3 Nc6 3. Nf3 e6 4. g3 Nge7 5. Bg2 g6 6. d4 d6 7. dxc5 dxc5 8. Qxd8+ Nxd8 9. Nb5 Rb8 10. Bf4 Nec6 11. Bxb8 Nxb8 12. Rd1 Na6 13. Ne5 Be7 14. Nxa7 Bf6 15. Ng4 Bg7 16. Nxc8 0-0 17. Nd6 Bxb2 18. 0-0 Nb4 19. Nxb7 Nxb7 20. Bxb7 Rb8 21. Rd7 Bg7 22. Rfd1 Nxa2 23. Rd8+ Rxd8 24. Rxd8+ Bf8 25. Ne5 Kg7 26. Rd7 1-0

[Event "SRB-chT3 South"]
[Site "Serbia"]
[Date "2017.10.14"]
[Round "9.6"]
[White "Stevanovic, Jovan"]
[Black "Andrejevic, Miodrag"]
[Result "1/2-1/2"]
[WhiteElo "1658"]
[BlackElo "1863"]
[PlyCount "21"]
[EventDate "2017.09.03"]
[EventType "team-tourn"]
[EventRounds "11"]
[EventCountry "SRB"]
[SourceTitle "EXT 2022"]
[Source "ChessBase"]
[SourceDate "2021.10.06"]
[SourceVersion "1"]
[SourceVersionDate "2021.10.06"]
[SourceQuality "1"]

1. c4 c5 2. Nc3 e6 3. Nf3 Nc6 4. g3 Nf6 5. Bg2 d5 6. 0-0 dxc4 7. Nd5 Qxd5 8. d4 Nxd4 9. Be3 Qe4 10. Qxd4 Bd6 11. Qxd6 1/2-1/2

[Event "EU-ch U10 27th"]
[Site "Mamaia"]
[Date "2017.09.13"]
[Round "8"]
[White "Stevanovic, Jovan"]
[Black "Micciche, Ruben"]
[Result "0-1"]
[WhiteElo "1658"]
[BlackElo "1501"]
[PlyCount "102"]
[EventDate "2017.09.05"]
[EventType "swiss"]
[EventRounds "9"]
[EventCountry "ROU"]
[SourceTitle "CBM 180 Extra"]
[Source "ChessBase"]
[SourceDate "2017.10.06"]
[SourceVersion "1"]
[SourceVersionDate "2017.10.06"]
[SourceQuality "1"]

1. c4 e6 2. Nf3 d5 3. Qc2 Nd7 4. g3 a6 5. Bg2 dxc4 6. Qxc4 b5 7. Qc2 Bb7 8. 0-0 Ngf6 9. d3 Be7 10. Nd4 Bxg2 11. Kxg2 Nc5 12. Nf3 0-0 13. Be3 Ncd7 14. Nbd2 Ng4 15. Rac1 Nxe3+ 16. fxe3 Rc8 17. Qc6 Nb8 18. Qc2 c5 19. a4 Qb6 20. Qb3 Nc6 21. Ne4 Na5 22. Qa2 c4 23. d4 Nb3 24. Rc2 Qb7 25. Ned2 Nxd2 26. Rxd2 Bg5 27. Kf2 f6 28. Rc1 Qe4 29. Kg2 Bxe3 30. Rcd1 Bxd2 31. Rxd2 b4 32. a5 Rfd8 33. Kf2 Rd5 34. Qa1 g5 35. h3 h5 36. Qg1 g4 37. hxg4 hxg4 38. Nh4 Rxd4 39. Rxd4 Qxd4+ 40. Kg2 Qxg1+ 41. Kxg1 c3 42. bxc3 bxc3 43. Ng2 c2 44. Kh2 c1Q 45. e4 Rc7 46. e5 fxe5 47. Nh4 Qf1 48. Ng2 Qb5 49. Nh4 e4 50. Ng2 Qf1 51. Nh4 Rc2+ 0-1

[Event "Niska Banja op"]
[Site "Niska Banja"]
[Date "2017.04.01"]
[Round "4"]
[White "Stevanovic, Jovan"]
[Black "Nadj, Vanja"]
[Result "0-1"]
[WhiteElo "1555"]
[BlackElo "1813"]
[PlyCount "84"]
[EventDate "2017.03.30"]
[EventType "swiss"]
[EventRounds "5"]
[EventCountry "SRB"]
[SourceTitle "CBM 177 Extra"]
[Source "ChessBase"]
[SourceDate "2017.04.27"]
[SourceVersion "1"]
[SourceVersionDate "2017.04.27"]
[SourceQuality "1"]

1. c4 g6 2. Nf3 Bg7 3. g3 e5 4. Nc3 c6 5. d4 exd4 6. Nxd4 Qb6 7. e3 d6 8. Bg2 Ne7 9. 0-0 0-0 10. Nb3 Rd8 11. e4 Be6 12. Be3 Qb4 13. c5 Na6 14. cxd6 Rxd6 15. Qc2 Qc4 16. Nd2 Qd3 17. Qxd3 Rxd3 18. Rfc1 Rad8 19. Nf3 Nb4 20. Bc5 Bxc3 21. Bxe7 Bxb2 22. Bxb4 Bxa1 23. Rxa1 Rd1+ 24. Rxd1 Rxd1+ 25. Bf1 Bh3 26. Nd2 c5 27. Bc3 b5 28. a3 Bxf1 29. Nxf1 Rd3 30. Bb2 a5 31. f4 c4 32. Kf2 Rb3 33. Bc1 Rc3 34. Bd2 Rxa3 35. Ke2 b4 36. Ne3 c3 37. Bc1 Ra2+ 38. Kd3 Rxh2 39. f5 h5 40. fxg6 fxg6 41. Nc4 a4 42. e5 a3 0-1

[Event "Wch U10"]
[Site "Batumi"]
[Date "2016.10.22"]
[Round "4"]
[White "Stevanovic, Jovan"]
[Black "Laturkar, Iraj"]
[Result "1-0"]
[WhiteElo "1467"]
[BlackElo "1043"]
[PlyCount "47"]
[EventDate "2016.10.19"]
[EventType "swiss"]
[EventRounds "11"]
[EventCountry "GEO"]
[SourceTitle "CBM 175 Extra"]
[Source "ChessBase"]
[SourceDate "2016.12.12"]
[SourceVersion "1"]
[SourceVersionDate "2016.12.12"]
[SourceQuality "1"]

1. c4 b6 2. Nc3 Nf6 3. Nf3 e6 4. g3 Bb7 5. Bg2 Be7 6. 0-0 0-0 7. b3 c5 8. Bb2 d5 9. cxd5 exd5 10. d4 Qc7 11. Re1 Nbd7 12. Qd2 Rad8 13. Rad1 Qb8 14. e3 Ne4 15. Qe2 Ndf6 16. dxc5 Bxc5 17. Nd4 h6 18. Nxe4 dxe4 19. Nf5 Rxd1 20. Rxd1 Ne8 21. Qh5 Bc8 22. Bxe4 Bb7 23. Ne7+ Kh8 24. Qxh6# 1-0